000
00277nam a22001337a 4500
008
190129b xxu||||| |||| 00| 0 eng d
020
_a
0316897167
041
_a
eng
080
_a
531
100
_a
43
101
_a
FIZ
245
_a
Physics
_c
Heuvelen, A.V
942
_2
udc
_c
BK
999
_c
53884
_d
53884